| 000 | 00438nam a22001697a 4500 | ||
|---|---|---|---|
| 003 | NUST - PNEC | ||
| 005 | 20170116181006.0 | ||
| 008 | 150912b xxu||||| |||| 00| 0 eng d | ||
| 020 | _a- | ||
| 040 | _cLIBRARY | ||
| 082 | _a621.3845 STU | ||
| 100 |
_99796 _aStuber, Gordon L. |
||
| 245 |
_aPrinciples of mobile communication _cGordon L. Stuber |
||
| 260 | _cc.1996 | ||
| 650 |
_99793 _aMobile communication _xMS COMM |
||
| 942 |
_2ddc _cBK |
||
| 999 |
_c66875 _d66875 |
||